Pozemkové spoločenstvá v roku 2018
Vymedzenie pojmu urbariát, resp. urbár. Legislatívne a právne hľadisko. Zdaňovanie podielov na zisku vyplatených členom PS za rok 2017. Spôsoby zdanenia príjmov u PS. Podiely na zisku od zahraničného pozemkového spoločenstva. Ilustračné príklady.
Guardado en:
| Autor principal: | |
|---|---|
| Formato: | Capítulo de libro |
| Lenguaje: | eslovaco |
| Materias: | |
| Etiquetas: |
Sin Etiquetas, Sea el primero en etiquetar este registro!
|
MARC
| LEADER | 00000naa a2200000 4500 | ||
|---|---|---|---|
| 001 | 0243061 | ||
| 005 | 20180523065107.4 | ||
| 041 | 0 | |a slo | |
| 044 | |a SK | ||
| 245 | 1 | 0 | |a Pozemkové spoločenstvá v roku 2018 |c Marta Boráková |
| 520 | |a Vymedzenie pojmu urbariát, resp. urbár. Legislatívne a právne hľadisko. Zdaňovanie podielov na zisku vyplatených členom PS za rok 2017. Spôsoby zdanenia príjmov u PS. Podiely na zisku od zahraničného pozemkového spoločenstva. Ilustračné príklady. | ||
| 610 | 2 | 0 | |a pozemky |
| 610 | 2 | 0 | |a urbanizácia |
| 610 | 2 | 0 | |a predpisy právne |
| 610 | 2 | 0 | |a lesy |
| 610 | 2 | 0 | |a pasienky |
| 610 | 2 | 0 | |a podiely na zisku |
| 610 | 2 | 0 | |a zdaňovanie |
| 100 | 1 | |a Boráková, Marta | |